000 00491nam a22001937a 4500
003 OSt
008 250409b |||||||| |||| 00| 0 eng d
020 _a9789388108478
082 _a615.1901
100 _aBari, Sanjay Kumar
245 _aTextbook of Pharmaceutical Analysis I
260 _aN.Delhi
_bCBS Pub.
_c2025
300 _a144
650 _aPharmaceutical Analysis-I
700 _aNomin, Yasmin
700 _aJadge, Dhanraj
700 _aYeligar, Veerendra
942 _2ddc
_cBK
999 _c13263
_d13263